| 000 | 00739cab a2200265 4500 | ||
|---|---|---|---|
| 001 | ABS49281 | ||
| 008 | 090401t1993 xxu||||| |||| 00| 0 eng d | ||
| 035 | _a(Sirsi) u70710 | ||
| 041 | _aeng | ||
| 100 | _aClark, G. | ||
| 245 | _aSounding out intruder alarms | ||
| 260 | _c1993 | ||
| 350 | _a0 | ||
| 490 |
_aChartered Quantity Surveyor _v16(1) September 1993, 15-16(2) |
||
| 520 | _aProduct feature on security systems with approximate costings. Useful addresses. | ||
| 650 | _aBURGLAR ALARMS | ||
| 650 | _aCOST ANALYSIS | ||
| 650 | _aINTRUDER ALARMS | ||
| 650 | _aMENTOR | ||
| 650 | _aSECURITY SYSTEMS | ||
| 690 | _aBUILT ENVIRONMENT-BUILDING MATERIALS | ||
| 700 | _aThompson, P. | ||
| 942 | _n0 | ||
| 948 | _c04/03/1997 | ||
| 999 |
_c44508 _d44508 |
||